000
002710000a22000970004500
100
1
_a
Häring, Hermann
245
1
0
_a
No apaguéis la fuerza del Espíritu (1 Tes 5,19)
300
_a
Vol.307, núm.307 (Septiembre, 2004), Páginas 651-664
773
0
_t
Concilium
942
_c
ANA
999
_c
61044
_d
61044